000 00668nam a2200253Ia 4500
005 20250425161957.0
008 250425s9999 xx 000 0 und d
020 _a0875847609
041 _aeng
082 _a658.575
100 _aJOLLY, VIJAY K.
245 0 _aCOMMERCIALIZING NEW TECHNOLOGIES: GETTING FROM MIND TO MARKET
250 _aS.E.
260 _aBOSTON
260 _aEstados Unidos
_bHARDVARD BUSINESS SCHOOL PRESS
_c1997
300 _a409
650 _aCOMERCIALIZACION
650 _aINNOVACIONES TECNOLOGICAS
650 _aMARKETING
650 _aPRODUCTOS
710 _aHARVARD BUSINESS SCHOOL PRESS
942 _c01
010 _a38445
999 _c219995
_d219995